000 00464nam a22001817a 4500
005 20241009141108.0
008 241007b |||||||| |||| 00| 0 eng d
020 _a9788323559479
082 _a624.173
_bHSI-E
100 _aHsieh Yuan-YU
245 _aElementary Theory of Structures /
_cHsieh Yuan-YU, Mau S.T
250 _a4th ed.
260 _aindia;
_bpearson
_c2016
300 _a382p.
_bill;
_c24cm.
650 _aEngineering
999 _c36645
_d36645